<?xml version="1.0" encoding="UTF-8"?>
<record
    xmlns:xsi="http://www.w3.org/2001/XMLSchema-instance"
    xsi:schemaLocation="http://www.loc.gov/MARC21/slim http://www.loc.gov/standards/marcxml/schema/MARC21slim.xsd"
    xmlns="http://www.loc.gov/MARC21/slim">

  <leader>01075nam a22002297a 4500</leader>
  <controlfield tag="005">20240814174516.0</controlfield>
  <controlfield tag="008">      s2536    th                  tha d</controlfield>
  <datafield tag="040" ind1=" " ind2=" ">
    <subfield code="a">NALT</subfield>
  </datafield>
  <datafield tag="041" ind1=" " ind2=" ">
    <subfield code="a">tha</subfield>
  </datafield>
  <datafield tag="100" ind1="0" ind2=" ">
    <subfield code="a">&#xE40;&#xE16;&#xE01;&#xE34;&#xE07;&#xE28;&#xE31;&#xE01;&#xE14;&#xE34;&#xE4C; &#xE04;&#xE33;&#xE2A;&#xE38;&#xE23;&#xE30;</subfield>
  </datafield>
  <datafield tag="245" ind1="1" ind2="0">
    <subfield code="a">&#xE04;&#xE33;&#xE15;&#xE2D;&#xE1A;&#xE25;&#xE48;&#xE32;&#xE2A;&#xE38;&#xE14; &#xE04;&#xE14;&#xE35;&#xE40;&#xE27;&#xE19;&#xE04;&#xE37;&#xE19;</subfield>
  </datafield>
  <datafield tag="260" ind1="3" ind2=" ">
    <subfield code="a">&#xE01;&#xE23;&#xE38;&#xE07;&#xE40;&#xE17;&#xE1E;&#xE2F; : </subfield>
    <subfield code="b">&#xE19;&#xE33;&#xE2D;&#xE31;&#xE01;&#xE29;&#xE23;&#xE01;&#xE32;&#xE23;&#xE1E;&#xE34;&#xE21;&#xE1E;&#xE4C;, </subfield>
    <subfield code="c">2536</subfield>
  </datafield>
  <datafield tag="300" ind1=" " ind2=" ">
    <subfield code="a">70 &#xE2B;&#xE19;&#xE49;&#xE32; ;</subfield>
    <subfield code="b"> 26 &#xE0B;&#xE21;.</subfield>
  </datafield>
  <datafield tag="650" ind1="0" ind2="4">
    <subfield code="a">&#xE01;&#xE32;&#xE23;&#xE40;&#xE27;&#xE19;&#xE04;&#xE37;&#xE19;&#xE2D;&#xE2A;&#xE31;&#xE07;&#xE2B;&#xE32;&#xE23;&#xE34;&#xE21;&#xE17;&#xE23;&#xE31;&#xE1E;&#xE22;&#xE4C; -- &#xE04;&#xE33;&#xE1E;&#xE34;&#xE1E;&#xE32;&#xE01;&#xE29;&#xE32;&#xE28;&#xE32;&#xE25;&#xE0E;&#xE35;&#xE01;&#xE32;</subfield>
  </datafield>
  <datafield tag="650" ind1="0" ind2="4">
    <subfield code="a">&#xE04;&#xE14;&#xE35;&#xE40;&#xE27;&#xE19;&#xE04;&#xE37;&#xE19;</subfield>
  </datafield>
  <datafield tag="650" ind1="0" ind2="4">
    <subfield code="a">&#xE01;&#xE32;&#xE23;&#xE40;&#xE27;&#xE19;&#xE04;&#xE37;&#xE19;&#xE2D;&#xE2A;&#xE31;&#xE07;&#xE2B;&#xE32;&#xE23;&#xE34;&#xE21;&#xE17;&#xE23;&#xE31;&#xE1E;&#xE22;&#xE4C; -- &#xE04;&#xE14;&#xE35;&#xE41;&#xE25;&#xE30;&#xE01;&#xE32;&#xE23;&#xE2A;&#xE39;&#xE49;&#xE04;&#xE14;&#xE35;</subfield>
  </datafield>
  <datafield tag="650" ind1="0" ind2="4">
    <subfield code="a">&#xE01;&#xE32;&#xE23;&#xE40;&#xE27;&#xE19;&#xE04;&#xE37;&#xE19;&#xE2D;&#xE2A;&#xE31;&#xE07;&#xE2B;&#xE32;&#xE23;&#xE34;&#xE21;&#xE17;&#xE23;&#xE31;&#xE1E;&#xE22;&#xE4C; (&#xE1E;.&#xE23;.&#xE1A;.) -- 2530</subfield>
  </datafield>
  <datafield tag="850" ind1=" " ind2=" ">
    <subfield code="a">NALT</subfield>
  </datafield>
  <datafield tag="942" ind1=" " ind2=" ">
    <subfield code="c">LB</subfield>
    <subfield code="2">lcc</subfield>
    <subfield code="0">4</subfield>
  </datafield>
  <datafield tag="999" ind1=" " ind2=" ">
    <subfield code="c">15966</subfield>
    <subfield code="d">15966</subfield>
  </datafield>
  <datafield tag="998" ind1=" " ind2=" ">
    <subfield code="j">25</subfield>
    <subfield code="k"> &#xE19;&#xE35;&#xE25;&#xE27;&#xE31;&#xE2A;&#xE19;&#xE4C; &#xE2D;&#xE34;&#xE19;&#xE17;&#xE23;&#xE31;&#xE01;&#xE29;&#xE32;</subfield>
  </datafield>
  <datafield tag="090" ind1=" " ind2=" ">
    <subfield code="a">KO28 &#xE16;519&#xE04; 2536</subfield>
  </datafield>
  <datafield tag="952" ind1=" " ind2=" ">
    <subfield code="0">0</subfield>
    <subfield code="1">0</subfield>
    <subfield code="4">0</subfield>
    <subfield code="7">0</subfield>
    <subfield code="8">CLAW</subfield>
    <subfield code="a">NALT</subfield>
    <subfield code="b">NALT</subfield>
    <subfield code="l">4</subfield>
    <subfield code="m">3</subfield>
    <subfield code="o">KO 28 &#xE16;519&#xE04; 2536</subfield>
    <subfield code="p">3961131876</subfield>
    <subfield code="r">2024-05-24 00:00:00</subfield>
    <subfield code="s">2024-05-09</subfield>
    <subfield code="w">2017-06-09</subfield>
    <subfield code="y">LB</subfield>
  </datafield>
</record>
